000 00497nam a2200205Ia 4500
008 210210b1988 xxu||||| |||| 00| 0 eng d
082 _a658 DESP
100 _aDESHPANDE (R G)
245 _aPrinciples and practice of management
260 _aNew Delhi.
_bKalyani Publishers,
_c1988
300 _axv,247
650 _aPrinciples
650 _apractice
650 _aof
650 _amanagement
650 _aand
690 _aManagement
700 _aRAGHAVENDRA (H N)
906 _a044240
999 _c93599
_d93599